Kursus memahami pasaran harta tanah : 13 - 15 Oktober 2014

Bibliographic Details
Corporate Authors: Kursus memahami pasaran harta tanah, INSPEN ( Institut Penilaian Negara )
Format: Book
Language:Malay
Published: Bangi : Institut Penilaian Negara , 2014
Subjects:

MARC

LEADER 00000cam a2200000 7i4500
001 0000026861
005 20160517.0
008 160512 my a may
040 |a INS 
090 0 0 |a LPH12 
110 1 |a Kursus memahami pasaran harta tanah ,   |d 2014 13 - 15 Oktober   |c INSPEN, Bangi 
245 0 0 |a Kursus memahami pasaran harta tanah :   |b 13 - 15 Oktober 2014   |c Anjuran Pusat Penilaian dan Perkhidmatan Harta, INSPEN 
260 |a Bangi :   |b Institut Penilaian Negara ,   |c 2014 
300 |a 1v. (Various pagings) :   |b ill. ;   |c 30 cm. 
650 0 |a Property 
650 0 |a Real estate business 
710 1 |a INSPEN ( Institut Penilaian Negara ) 
999 |a LPH0000029   |b BOOK   |c Course Notes   |e Default branch 
999 |a LPH0000030   |b BOOK   |c Course Notes   |e Default branch 
999 |a LPH0000031   |b BOOK   |c Course Notes   |e Default branch